Which Arrondissement in Paris? - Statistics

General Stats
  • This quiz has been taken 47 times
    41 since last reset
  • The average score is 9 of 17
Answer Stats
Question Answer % Correct
Has a district called Bel-Air? 12th
80%
Has the Arts et Métiers metro station? 3rd
80%
Has the LVMH headquarters? 8th
80%
Has/have the Place d'Italie? 13th
60%
Is the most populous? 15th
60%
Has the Trocadéro Gardens overlooking the Eiffel Tower? 16th
60%
Has the Martin Luther King Park? 17th
60%
Borders Saint-Denis? 18th
60%
Has the Philharmonie de Paris? 19th
60%
Is the smallest? 2nd
60%
Has the Musée d'Orsay? 7th
60%
Has a district called Nouvelle Athènes (New Athens)? 9th
60%
Has the UNESCO headquarters? 7th
40%
Has/have the Place Charles de Gaulle (Arc de Triomphe)? 8th, 16th and 17th
40%
Has a neighborhood called Pletzl? 4th
0%
Has Sciences Po's head office and central library on Rue Saint-Guillaume? 7th
0%
Has/have the Place de la Concorde? 8th
0%
No matching quizzes found
Score Distribution
Percent of People with Each Score
Percentile by Number Answered
Your Score History
You have not taken this quiz since the last reset